[Event "GER-chT Christmas U16 Lasker"]
[Site "Playchess.com INT"]
[Date "2020.12.28"]
[Round "1.4"]
[White "Kieppe, Mio"]
[Black "Wu, Wilfried"]
[Result "0-1"]
[WhiteElo "1060"]
[BlackElo "1461"]
[PlyCount "40"]
[EventDate "2020.12.28"]
[EventType "team-swiss (blitz)"]
[EventRounds "7"]
[EventCountry "GER"]
[SourceTitle "CBM 200 Extra"]
[Source "ChessBase"]
[SourceDate "2021.03.31"]
[SourceVersion "1"]
[SourceVersionDate "2021.03.31"]
[SourceQuality "1"]
[WhiteTeam "Muenster II"]
[BlackTeam "Erlangen"]
[WhiteTeamCountry "GER"]
[BlackTeamCountry "GER"]

1. e4 e5 2. Bd3 Nf6 3. Nf3 Nc6 4. Nc3 Bc5 5. 0-0 d6 6. Bb5 a6 7. Bxc6+ bxc6 8. d3 h6 9. d4 exd4 10. Nxd4 Bxd4 11. Qxd4 0-0 12. Ne2 Bb7 13. Nf4 c5 14. Qe3 Re8 15. Qb3 Rb8 16. Re1 Bxe4 17. Ng6 Bxg6 18. Rxe8+ Qxe8 19. Qd3 Bxd3 20. cxd3 Qe1# 0-1

[Event "GER-chT U14"]
[Site "Magdeburg"]
[Date "2019.12.28"]
[Round "4.8"]
[White "Doege, Wolf Peter"]
[Black "Wu, Wilfried"]
[Result "1-0"]
[WhiteElo "1530"]
[BlackElo "1476"]
[PlyCount "131"]
[EventDate "2019.12.27"]
[EventType "team-swiss"]
[EventRounds "7"]
[EventCountry "GER"]
[SourceTitle "CBM 194 Extra"]
[Source "ChessBase"]
[SourceDate "2020.03.31"]
[SourceVersion "1"]
[SourceVersionDate "2020.03.31"]
[SourceQuality "1"]
[WhiteTeam "Dresden TU"]
[BlackTeam "Erlangen"]
[WhiteTeamCountry "GER"]
[BlackTeamCountry "GER"]

1. e4 e5 2. Nf3 Nc6 3. Bb5 a6 4. Ba4 Bc5 5. Nxe5 Nxe5 6. d4 Bd6 7. dxe5 Bxe5 8. 0-0 Ne7 9. Nd2 0-0 10. Nf3 Bd6 11. c3 Ng6 12. Re1 Re8 13. Bb3 Bf4 14. Bxf4 Nxf4 15. Qd2 Ng6 16. Rad1 d6 17. h3 Ne5 18. Nxe5 Rxe5 19. f4 Re8 20. e5 Bf5 21. exd6 Rxe1+ 22. Qxe1 cxd6 23. g4 Bc8 24. Qd2 Qb6+ 25. Qd4 Qxd4+ 26. Rxd4 Bd7 27. Rxd6 Bc6 28. Bd5 Bxd5 29. Rxd5 Kf8 30. Kf2 Ke7 31. Ke3 Rc8 32. Kd3 Rc6 33. Rh5 h6 34. Rd5 b5 35. b3 Ke6 36. c4 Rb6 37. Re5+ Kd7 38. cxb5 axb5 39. Kd4 Ra6 40. Rxb5 Rxa2 41. Rc5 Rf2 42. f5 Rh2 43. Rc3 Rb2 44. Rd3 Kc6 45. Kc3 Rb1 46. Kc2 Rg1 47. Rc3+ Kd6 48. b4 Rg2+ 49. Kb3 Re2 50. Kc4 Re4+ 51. Kb5 h5 52. Rg3 Re5+ 53. Kb6 g6 54. fxg6 fxg6 55. b5 Re1 56. gxh5 gxh5 57. Rg5 Re8 58. Rxh5 Rb8+ 59. Ka6 Ke7 60. Rh7+ Kd6 61. b6 Kc6 62. b7 Rf8 63. Ka7 Rf1 64. Rh6+ Kd7 65. b8Q Ra1+ 66. Ra6 1-0

[Event "Landesliga Nord U20 1819"]
[Site "Bayern"]
[Date "2019.01.26"]
[Round "5.4"]
[White "Wu, Wilfried"]
[Black "Aumueller, Naum"]
[Result "1/2-1/2"]
[WhiteElo "1615"]
[BlackElo "1607"]
[PlyCount "81"]
[EventDate "2018.11.17"]
[EventType "team-tourn"]
[EventRounds "7"]
[EventCountry "GER"]
[SourceTitle "EXT 2022"]
[Source "ChessBase"]
[SourceDate "2021.10.06"]
[SourceVersion "1"]
[SourceVersionDate "2021.10.06"]
[SourceQuality "1"]
[WhiteTeam "Erlangen SC U20"]
[BlackTeam "Kelheim SK U20"]
[WhiteTeamCountry "GER"]
[BlackTeamCountry "GER"]

1. e4 e5 2. Nf3 Nc6 3. Bc4 Bc5 4. d3 d6 5. c3 Bg4 6. Nbd2 Nf6 7. Qb3 Na5 8. Qa4+ c6 9. Qd1 d5 10. exd5 cxd5 11. Bb5+ Nc6 12. h3 Bxf3 13. Nxf3 Bxf2+ 14. Kxf2 Qb6+ 15. Be3 Qxb5 16. Qd2 e4 17. Nd4 Qxd3 18. Qxd3 exd3 19. Rhe1 Ne4+ 20. Kg1 Na5 21. Nb5 0-0 22. Rad1 Nc4 23. Rxd3 Nxb2 24. Rxd5 a6 25. Rd4 f5 26. Nc7 Rac8 27. Nd5 Rc4 28. Rb1 Nxc3 29. Rxc4 Nxc4 30. Nxc3 Nxe3 31. Rxb7 Rc8 32. Rb3 Kf7 33. Ne2 Nd5 34. Nd4 Kf6 35. Rf3 g6 36. Ra3 Ke5 37. Nf3+ Kf4 38. Kh2 Rc6 39. Ra4+ Ke3 40. Ra5 Nf6 41. Ra3+ 1/2-1/2

[Event "Landesliga Nord U20 1819"]
[Site "Bayern"]
[Date "2018.12.08"]
[Round "2.4"]
[White "Wu, Wilfried"]
[Black "Sargsyan, Arusyak"]
[Result "1/2-1/2"]
[WhiteElo "1615"]
[BlackElo "1315"]
[PlyCount "93"]
[EventDate "2018.11.17"]
[EventType "team-tourn"]
[EventRounds "7"]
[EventCountry "GER"]
[SourceTitle "EXT 2022"]
[Source "ChessBase"]
[SourceDate "2021.10.06"]
[SourceVersion "1"]
[SourceVersionDate "2021.10.06"]
[SourceQuality "1"]
[WhiteTeam "Erlangen SC U20"]
[BlackTeam "Nuernberg Sued SW U20"]
[WhiteTeamCountry "GER"]
[BlackTeamCountry "GER"]

1. e4 e5 2. Nf3 Nc6 3. Bc4 Nf6 4. d3 Bc5 5. 0-0 d6 6. h3 Be6 7. Nbd2 h6 8. c3 Qd7 9. Qb3 Rb8 10. Bxe6 Qxe6 11. Re1 0-0 12. Nh4 d5 13. Nf5 dxe4 14. Qxe6 fxe6 15. Nb3 exf5 16. Nxc5 exd3 17. Nxd3 e4 18. Nc5 Rfe8 19. Bf4 Re7 20. Re2 Nd8 21. Rae1 b6 22. Nb3 Rc8 23. Nd2 Ne6 24. Bh2 Nd5 25. f3 e3 26. Nc4 f4 27. g3 b5 28. Ne5 c5 29. Ng6 Rf7 30. Nxf4 Nexf4 31. gxf4 Re8 32. Rd1 Nxf4 33. Bxf4 Rxf4 34. Kg2 Rf7 35. Rd5 Rc7 36. f4 a6 37. Kf3 c4 38. Rxe3 Rxe3+ 39. Kxe3 Re7+ 40. Re5 Rd7 41. Kf3 Kf7 42. Re4 Rd3+ 43. Re3 Rd5 44. Re5 Rd3+ 45. Re3 Rd1 46. Re2 Rb1 47. Kf2 1/2-1/2

[Event "GER-chT U10"]
[Site "Magdeburg"]
[Date "2015.12.29"]
[Round "6.3"]
[White "Sabirov, Rafael"]
[Black "Wu, Wilfried"]
[Result "1-0"]
[WhiteElo "1198"]
[BlackElo "1011"]
[PlyCount "72"]
[EventDate "2015.12.27"]
[EventType "team-swiss"]
[EventRounds "7"]
[EventCountry "GER"]
[SourceTitle "EXT 2017"]
[Source "ChessBase"]
[SourceDate "2016.10.25"]
[SourceVersion "1"]
[SourceVersionDate "2016.10.25"]
[SourceQuality "1"]
[WhiteTeam "Porz SG"]
[BlackTeam "Erlangen"]
[WhiteTeamCountry "GER"]
[BlackTeamCountry "GER"]

1. e4 e5 2. Nf3 Nc6 3. Bb5 Nf6 4. Nc3 Bc5 5. 0-0 d6 6. h3 Bd7 7. d3 h6 8. Bd2 a6 9. Bxc6 Bxc6 10. Qe2 Qd7 11. Rfd1 0-0-0 12. Be3 g5 13. d4 exd4 14. Nxd4 g4 15. Nxc6 Qxc6 16. Bxc5 dxc5 17. hxg4 Rd7 18. Qf3 Rhd8 19. Rxd7 Rxd7 20. Qf5 Qe6 21. Qxc5 Nxe4 22. Nxe4 Qxe4 23. Qf8+ Rd8 24. Qxf7 Qxg4 25. Re1 Qd4 26. Re7 Qd5 27. Re8 Qd6 28. Rxd8+ Kxd8 29. Qg8+ Kd7 30. Qg7+ Kc6 31. Qc3+ Kb6 32. g4 c5 33. a3 Qg6 34. Kg2 a5 35. Kg3 Qd6+ 36. f4 Qd4 1-0